LEADER 01156nam0-2200337---450- 001 990009594670403321 005 20120625135724.0 010 $a978-88-568-3487-1 035 $a000959467 035 $aFED01000959467 035 $a(Aleph)000959467FED01 035 $a000959467 100 $a20120621d2011----km-y0itay50------ba 101 0 $aita 102 $aIT 105 $aa-------001yy 200 1 $a<>formazione per lo sviluppo locale$ela valorizzazione del capitale umano nel settore turistico-alberghiero$fFilippo Ferrari 210 $aMilano$cFrancoAngeli$d2011 215 $a123 p.$cill.$d23 cm 225 1 $aAIF, Associazione italiana formatori$hSez. II$iMetodi strumenti e buone pratiche$v22 300 $aIn copertina: AIF, Associazione italiana formatori 610 0 $aAziende turistiche$aPersonale$aIstruzione professionale 676 $a338.479107155$v22$zita 700 1$aFerrari,$bFilippo$0329338 801 0$aIT$bUNINA$gREICAT$2UNIMARC 901 $aBK 912 $a990009594670403321 952 $aCollez. 2296 (22)$b46708$fFSPBC 959 $aFSPBC 996 $aFormazione per lo sviluppo locale$9844888 997 $aUNINA LEADER 08523nam 22006133 450 001 9910829586403321 005 20240228214915.0 010 $a99960-76-08-3 035 $a(MiAaPQ)EBC30565699 035 $a(Au-PeEL)EBL30565699 035 $a(OCoLC)1381711526 035 $a(OCoLC)1381295926 035 $a(MdBmJHUP)musev2_112390 035 $a(EXLCZ)9926821659800041 100 $a20230606d2022 uy 0 101 0 $aeng 135 $aurcnu|||||||| 181 $ctxt$2rdacontent 182 $cc$2rdamedia 183 $acr$2rdacarrier 200 10$aBeyond Impunity $eNew Directions for Governance in Malawi 205 $aFirst edition. 210 1$aOxford :$cMZUNI Press,$d2022. 210 4$dİ2022. 215 $a1 online resource (398 pages) 311 08$aPrint version: Ross, R. Beyond Impunity Oxford : MZUNI Press,c2022 9789996076077 327 $aCover -- Copyright page -- Title page -- Acknowledgements -- Contents -- Notes on Contributors -- Abbreviations -- Foreword -- Introduction: A Pivotal Moment for Governance in Malawi? -- International Significance of Malawi's Constitutional Court Ruling -- Enduring Issues of Concern -- Genesis of the Book -- Organisation of the Book -- Significance of the Book -- Conclusion -- Chapter 1 - A Decade of Governance as "Roving Banditry" The Political Economy of Public Finance Mismanagement in Malawi, 2010 -2020 -- Introduction: Setting the Context -- Analytical and Methodological Framework -- Institutional Political Economy Analysis -- State of Public Finance Mismanagement and its Developmental Cost -- Illustrating the Development Cost of Public Finance Mismanagement -- Public Finance Management Chain and Attendant Accountability Mechanisms -- Revenue Collection -- Allocation of Public Finances -- Oversight for Expenditure of Public Funds -- A PEA Explanation of Persistent Public Finance Mismanagement -- Interests, Capture and Repurposing of the State -- Appointive Bureaucracies and their Roles in Public Finance Mismanagement -- Weak Social Accountability Mechanisms for Public Finance Management -- Conclusion and Recommendations -- Chapter 2 - Two Decades of Governance in Malawi: Examining Citizen Trust in Malawi from 1999-2019 -- Introduction -- The Concept and Governance Consequences of Political Trust -- Good Governance in Africa -- A Brief Background to Governance in Malawi -- General Trends of Trust in Presidents, Parliament, Police and Courts from 1999 to 2019 -- Possible Explanatory Factors -- Consequences of (Loss of) Citizenry Trust: Implications on State Legitimacy and Prospects for Democracy -- Conclusion -- Chapter 3 - Trust in Election Management Bodies, Participation in Demonstrations and Willingness to Pay Taxes: Evidence from Malawi. 327 $aIntroduction -- Related Literature -- Demonstrations during Malawi's Democratic Dispensation -- Data and Variable Definitions -- Estimation strategy -- Empirical Findings -- Discussion -- Conclusion -- Chapter 4 - Impunity versus Constitutional Legality in Malawi's 2019-20 Presidential Election Case -- Introduction -- The Stand against Impunity and Mediocrity -- The Conceptual Stand for Constitutional Legality -- The Stand for Transformational Constitutional Legality -- The Approach in the Proceedings -- Expedition versus Attempts to End or Delay the Case -- Conventional Burden and Standard of Proof versus Accountability -- Self Interest v Duty-based Civic and Ethical Professionalism -- Conclusion -- Chapter 5 - Legal Responses to Electoral Violence and Democratic Governance in Malawi: The Case of the 2019 and 2020 Elections -- Introduction -- Electoral Violence and Democratic Governance -- Violence in the 2019 and 2020 Elections -- Legal Responses to Election Violence 2019-2020 -- Legal Responses and Democratic Governance -- Conclusion -- Chapter 6 - Violence against Women in Elections in Malawi: The Role of Women Leaders as Game Changers -- Introduction -- Violence against Women in Elections (VAWE) -- Game-Changers -- Survey of Incidents of Violence against Women in the 2019 Elections -- Analysis of Responses of Women Leaders to VAWE in the 2019 Elections -- Pre-election and During Election Violence Response -- Women Leaders' Post-election Violence Response Analysis -- Game-Changers -- Conclusion -- Chapter 7 - Malawi's Choice of Electoral System and Reform Agenda Quandary -- Introduction -- Literature Survey -- Rationale for Electoral Choice in Malawi -- Effects of Plurality Electoral System on Regime Legitimacy in Malawi -- The Rationale for Electoral Reforms in Malawi -- Drivers of Electoral Reforms in Malawi -- Prospects for Electoral Reforms. 327 $aConclusion -- Chapter 8 - Awona Nyekhwe: The Fate of Opposition in Multiparty Malawi (1994-2020) -- Introduction -- The Concept of Nyekhwe -- Collective Political Memory -- The Concept of "Opposition" -- Opposition Parties and Politicians 1994-2020 -- Non-Party Actors -- The Academic Freedom Debate -- The DPP System, State Capture, and its Dislodgement -- A Promising Nyekhwe-Free Future? -- Conclusion -- Chapter 9 - Guarding the Guardians: Auditing Security Sector Governance in Malawi -- Introduction -- Overview of the National Security Policy -- Auditing the Security Sector in Malawi -- The Challenge of Policing Protests -- Whither Professionalism of the Police -- Loopholes in Migration Management Laws -- Politicisation of the National Intelligence Services -- The Question of Upholding Constitutional Order -- The Challenges of Democratic Control of the Security Sector -- Towards a Holistic Implementation of the NSP -- Chapter 10 - Executive Supremacy and the Armed Forces: A Case Study of Public Finance Management in Malawi -- Introduction -- Good Governance and Public Finance Management -- Institutional Framework for Security Governance and Financial Oversight in the Armed Forces -- The Historical Context of Public Finance Management in the Armed Forces -- Conclusion -- Chapter 11 - 50-50 Campaigns: Lessons from 10 Years of Promoting Gender Equality and Women's Representation in Parliament -- Introduction -- The Theory of Women's Political Representation -- The Legal and Policy Framework Guiding Women Representation in Malawi -- Trends in Women's Political Representation and the Genesis of the 50-50 Campaign -- Main Actors in the 50-50 Campaigns and their Strategies -- Impact of Parity Funding Campaigns on Descriptive Representation of Women in Parliament in Malawi -- Conclusion. 327 $aChapter 12 - Ethnicity, Regionalism, and Nation-Building Challenges in Post-1994 Malawi: Whither a Federal State System? -- Introduction -- Nation-building in Multi-Ethnic Societies -- The Call for Federalism -- The False Prospects of Federalism -- Conclusion -- Chapter 13 - Rights Without Responsibility: Governance Crisis in the Management of Natural Resources in Malawi -- Introduction -- The Environmental Crisis as a Governance Issue -- Governance Crisis in a Democratic Era -- The Relevance of Historical Experience -- Suggestions for Addressing the Crisis -- Conclusion -- Chapter 14 - Pandemics, Politics and Governance: Contestations over State Management of Covid-19 in Malawi -- Introduction -- Pandemics and Governance in History -- Covid-19 and Earlier Government Responses -- Contesting Covid-19 Preventive Measures -- Conclusion -- Chapter 15 - Malawi's Governance Crisis in Theological Perspective: A Tale of Two Cultures -- A 25-Year Retrospect -- A Question of Political Culture -- The Biblical Text -- Global Theological Thinking -- Local Contextual Theology -- Malawi in Crisis 2019-20: Theological Perspectives -- A Tale of Two Cultures -- Bibliography -- Index -- Back cover. 606 $aDemocracy$zMalawi 606 $aElections$zMalawi 606 $aDemocracy$2fast$3(OCoLC)fst00890077 606 $aElections$2fast$3(OCoLC)fst00904324 606 $aPolitics and government$2fast$3(OCoLC)fst01919741 607 $aMalawi$xPolitics and government$y1994- 607 $aMalawi$xPolitics and government$xHistory 607 $aMalawi$2fast 608 $aHistory.$2fast 615 0$aDemocracy 615 0$aElections 615 7$aDemocracy. 615 7$aElections. 615 7$aPolitics and government. 676 $a320.96897 700 $aRoss$b R$0415129 701 $aChiweza$b Lorraine$01699358 801 0$bMiAaPQ 801 1$bMiAaPQ 801 2$bMiAaPQ 906 $aBOOK 912 $a9910829586403321 996 $aBeyond Impunity$94081557 997 $aUNINA LEADER 02272ngm 2200529Ia 450 001 9910596956403321 005 20120926151047.0 035 $a(CKB)5490000000000690 035 $a(FOD)10128 035 $a(FOD)100010128 035 $a(OCoLC)707967594 035 $a(EXLCZ)995490000000000690 071 40$a10122s$bInfobase 071 40$a10128$bInfobase 100 $a20110207d2005|||| ||| v 101 0 $aeng 135 $aurcnannnuuuuu 182 $cc$2rdamedia 183 $acr$2rdacarrier 200 00$aAtomic structure /$fGoldhil Video (Firm) 210 3 $aNew York, N.Y. $c Infobase$d[2005], c2000 215 $a1 streaming video file (27 min.) $csd., col., digital file 225 1 $aChemistry: The Standard Deviants Core Curriculum 327 $aQuantum Mechanics (2:28) -- Quantum Numbers (4:40) -- Electron Shells (2:55) -- Orbitals (4:19) -- Periodic Table and Orbitals (3:36) -- Writing Electron Configurations (4:14) -- Review of Atomic Structure (1:50) 330 $aAtomic structure lies at the crossroads of both chemistry and physics, and this program examines a field of study crucial to both: the scientific shell game known as quantum mechanics. Schrodinger's mathematical distribution and the Pauli Exclusion Principle; electron orbitals and the three types of quantum numbers; and shells, subshells, and nodes are all discussed. A thorough demonstration of writing electron configurations is included as well. 410 0$aStandard deviants core curriculum$pChemistry. 606 $aCell metabolism 606 $aChemical elements 606 $aChemistry, Physical and theoretical 606 $aInorganic compounds 606 $aOrganic compounds 608 $aEducational films. 608 $aInternet videos. 608 $aVideorecording.$2local 615 0$aCell metabolism. 615 0$aChemical elements. 615 0$aChemistry, Physical and theoretical. 615 0$aInorganic compounds. 615 0$aOrganic compounds. 712 02$aFilms for the Humanities & Sciences (Firm) 712 02$aGoldhil Video (Firm) 712 02$aStandard Deviants (Performing group) 801 0$bAzPhAEM 906 $aVIDEO 912 $a9910596956403321 996 $aAtomic Structure$92950359 997 $aUNINA